Problems of export financing in Bangladesh / (Record no. 8099)
[ view plain ]
| 000 -LEADER | |
|---|---|
| fixed length control field | 00829cam a2200253 i 4500 |
| 001 - CONTROL NUMBER | |
| control field | 8099 |
| 003 - CONTROL NUMBER IDENTIFIER | |
| rucl marc code | BD-RjUL |
| 005 - DATE AND TIME OF LATEST TRANSACTION | |
| control field | 20211208234525.0 |
| 008 - FIXED-LENGTH DATA ELEMENTS--GENERAL INFORMATION | |
| fixed length control field | 140116s1974 bg b 000 0 eng d |
| 035 ## - SYSTEM CONTROL NUMBER | |
| System control number | (BD-RjUL)8144 |
| 040 ## - CATALOGING SOURCE | |
| Original cataloging agency | DLC |
| Transcribing agency | DLC |
| Modifying agency | (BD-RjUL) |
| Language of cataloging | eng |
| 041 ## - LANGUAGE CODE | |
| Language code of text/sound track or separate title | eng |
| 082 00 - DEWEY DECIMAL CLASSIFICATION NUMBER | |
| Classification number | 332.154 |
| Author mark and year | ALP |
| 100 1# - MAIN ENTRY--PERSONAL NAME | |
| Personal name | Alam, Ahmed Fakhrul. |
| 9 (RLIN) | 25258 |
| 245 10 - TITLE STATEMENT | |
| Title | Problems of export financing in Bangladesh / |
| Statement of responsibility, etc. | Ahmed Fakhrul Alam, project leader ; M. Habibullah, project supervisor. |
| 260 ## - PUBLICATION, DISTRIBUTION, ETC. (IMPRINT) | |
| Place of publication, distribution, etc. | [Dacca] : |
| Name of publisher, distributor, etc. | Bureau of Economic Research, University of Dacca, |
| Date of publication, distribution, etc. | 1974. |
| 300 ## - PHYSICAL DESCRIPTION | |
| Pagination | iv ,185, p. ; |
| Size | 22 cm. |
| 504 ## - BIBLIOGRAPHY, ETC. NOTE | |
| Bibliography, etc | Bibliography: p. [i]-iv. |
| 650 #0 - SUBJECT ADDED ENTRY--TOPICAL TERM | |
| Topical term or geographic name as entry element | Exports |
| Geographic subdivision | Bangladesh |
| General subdivision | Finance. |
| 9 (RLIN) | 25259 |
| Topical term or geographic name as entry element | Foreign trade promotion |
| Geographic subdivision | Bangladesh. |
| 9 (RLIN) | 25260 |
| 942 ## - ADDED ENTRY ELEMENTS (KOHA) | |
| Source of classification or shelving scheme | Dewey Decimal Classification |
| Koha item type | Books |
| Lost status | Source of classification or shelving scheme | Damaged status | Not for loan | Collection code | Permanent Location | Current Location | Shelving location | Date acquired | Source of acquisition | Cost, normal purchase price | Total Checkouts | Full call number | Date last seen | Copy number | Koha item type |
|---|---|---|---|---|---|---|---|---|---|---|---|---|---|---|---|
| Dewey Decimal Classification | Non-fiction | Central Library, University of Rajshahi | Central Library, University of Rajshahi | 23/02/1976 | Bangladesh Book Inter Pries | 12.00 | 332.154 ALP 1974 | 16/01/2014 | C-2 | Books |